| 000 | 00973nam a22002297a 4500 | ||
|---|---|---|---|
| 003 | OSt | ||
| 005 | 20251002170416.0 | ||
| 008 | 240403b ||||| |||| 00| 0 eng d | ||
| 040 | _c0 | ||
| 082 | _aDPer 621.317 Ie21 October 2022 v. 37 n. 10 | ||
| 100 |
_aXiao, Ziheng. _eauthor. _955942 |
||
| 245 |
_aUnified description and optimization method of dual active bridge DC-DC converters / _cZiheng Xiao, Zhixing He, Zongjian Li, Lipeng Zhu, and Lei Wang. |
||
| 260 |
_aNew York ; _bThe Institute of Electrical and Electronics Engineers, Inc. , _cOctober 2022. |
||
| 300 |
_aVolume 37, pages 11839-11854 : _billustration ; _c28 cm. |
||
| 500 | _aIEEE Transactions on Power Electronics, v. 37, n. 10, pages 11839-11854, October 2022. | ||
| 700 |
_aXiao, Ziheng. _eauthor. _955942 |
||
| 700 |
_aHe, Zhixing. _eauthor. _955943 |
||
| 700 |
_aLi, Zongjian. _eauthor. _955944 |
||
| 700 |
_aZhu, Lipeng. _eauthor. _955945 |
||
| 700 |
_aWang, Lei. _eauthor. _955946 |
||
| 942 |
_2ddc _cPER |
||
| 999 |
_c19988 _d19988 |
||